000 00719njm a22002177a 4500
005 20100831135629.0
006 a|||||r|||||00| 0
007 sd ammalaaahaa
008 100831t xxu||||| |||| 00| 0 eng d
028 _aP 10728
_bHis Master's Voice
035 _aGR 130
040 _aSED
_cSED
100 _aMalliok,Pankaj
_917715
245 _aMein roti hu /
_csung by Pankaj Malliok
_h[sound recording] :
260 _aDum Dum India
_bHis Master's Voice
300 _a1 Sound disc [Gramophone Recording ] :
_banalog,33 1/3 rpm
_c9.5
500 _aBried record
505 _a Side- 2 Ho gaya dil aur aankh mein jhagdha ( Pankaj Mallok)
650 _aClassicla Music
_xExcerpts
_zIndia
_917716
942 _2ddc
_cGR
999 _c43238
_d43238